000 00746nam a2200229Ii 4500
003 JO-AjNU
008 230605s9999||||xx |||||||||||||| ||und||
017 _a2006/7/1974
020 _a9957-16-277-2
040 _aJO-AjNU
_bara
_erda
_cJO-AjNU
041 _aara
050 1 4 _aKMM104.3.A72.2007
100 3 _a العقايلة ، زيد محمود ,
_eauthor
_912698
245 0 0 _aالجامع في التشريعات المتعلقة بالتأمين " وفقا لاحدث التعديلات "
250 _aط1
264 3 1 _aعمان : دار الثقافة ، 2006
300 _a368ص
336 _atext
_btxt
_2rdacontent
337 _aunmediated
_bn
_2rdamedia
338 _avolume
_bnc
_2rdacarrier
650 4 _aالتأمين
_912699
999 _aA2966
_c6534
_d6534